01464nam a22002297i 4500003000400000005001700004008004100021020001800062040001500080041000800095082001400103110006000117245009400177260003600271300004500307520077900352650002601131650002201157650002001179650002201199710001301221OSt20251209161544.0251209q2024 io|o||||r|||| 001 0 eng d a9780998077437 bspacLADOV aeng04a707bK96t1 aIndonesia. bKUNCI Study Forum and Collectiveeeditores10aTools for radical study : ba collection of manuals / cKUNCI Study Forum and Collective. aIndonesia : bMARCH, c[2024?]. a173 páginas : bfotografías, c28 cm3 a ¿Por qué las herramientas se convierten en el centro de conversación? Los lectores de Herramientas para el Estudio Radical se preguntarán. Al menos para quienes vivimos en medio de la proliferación de prácticas colectivas en el Sur Global, esto es particularmente significativo. Hablar y compartir herramientas significa hablar y llevar a cabo la redistribución del poder, un poder que probablemente se deriva del proceso de acumulación de conocimiento. Hablar de herramientas también significa hablar de cosas que uno encuentra en lugares como cocinas públicas, salones de reuniones de pueblos, mataderos y huertos residenciales, lugares donde la teoría y sus métodos rara vez se encuentran, ya sea en la práctica o en la conversación cotidiana.04aArtevinvestigación04aArteveducación04aArtevcrítica04aConciencia social eeditores